| 000 | 00934nam a2200289 c 4500 | ||
|---|---|---|---|
| 003 | BLK | ||
| 005 | 20180420214045.0 | ||
| 008 | 180412b bul|||||r ||||||| ||bul|| | ||
| 010 | _aKNG00007333000 | ||
| 020 |
_a954-8839-01-6 _bиздат.: Зеринтия |
||
| 040 | _aBLK | ||
| 041 |
_aBUL _cBUL |
||
| 080 |
_aБългарска литература _b821.163.2 _x-1 _z821.163.2-1 |
||
| 100 | 1 |
_aМаркова, Ралица Колева _eпърви автор _9251045 |
|
| 139 |
_aМаркова, Ралица Колева _bМ 32 |
||
| 245 | 1 | 0 |
_aИзкачване на Акропола _bЛирика _cРалица Колева Маркова. |
| 257 | _aBGR | ||
| 260 |
_аСофия _bЗеринтия _c1995 |
||
| 300 |
_a80 с. _c20 см |
||
| 380 | _aX | ||
| 500 | _a1 000 тир. | ||
| 852 | _aЦб 182780 | ||
| 856 | 4 |
_qpdf _u |
|
| 856 | 4 |
_qpdf _u |
|
| 942 |
_cKNG _n0 |
||
| 944 |
_aCR _c15.01.2003 _kAB_DOS |
||
| 944 |
_aED _c15.01.2003 _k |
||
| 999 |
_c6110 _d6110 |
||